| 000 | 00834nam a2200253Ia 4500 | ||
|---|---|---|---|
| 003 | OSt | ||
| 005 | 20220923225458.0 | ||
| 006 | a|||||r|||| 00| 0 | ||
| 007 | ta | ||
| 008 | 220922b |||||||| |||| 00| 0 hin d | ||
| 024 | _a268,912 | ||
| 037 | _cTextual | ||
| 040 |
_aARTS _cARTS _bhin |
||
| 041 |
_2hin _ahin |
||
| 082 | _aQ30j4:36, 152M2 | ||
| 100 | _aजैन, सागरमल | ||
| 245 | 0 | _aजैन, बौद्ध और गीता का साधना मार्ग | |
| 246 | _aJaina, bauddha aur gītā kā sādhanā mārga | ||
| 260 |
_aजयपुर _b प्राकृत भारती संस्थान _c1982 |
||
| 300 |
_a142पृ. _ccm. |
||
| 650 | _aधर्म | ||
| 942 |
_hQ30j4:36, 152M2 _cTEXL _2CC |
||
| 999 |
_c378495 _d378495 |
||